Cendrillon : (Record no. 2600)
[ view plain ]
| 000 -LEADER | |
|---|---|
| fixed length control field | 00962ctm a22002651i 4500 |
| 005 - DATE AND TIME OF LATEST TRANSACTION | |
| control field | 20240111153021.0 |
| 020 ## - INTERNATIONAL STANDARD BOOK NUMBER | |
| International Standard Book Number | 9780689848889 |
| 040 ## - CATALOGING SOURCE | |
| Original cataloging agency | DLC |
| Language of cataloging | eng |
| Description conventions | rda |
| Transcribing agency | DLC |
| Modifying agency | DLC |
| 050 00 - LIBRARY OF CONGRESS CALL NUMBER | |
| Classification number | PZ8.S248 |
| 082 ## - DEWEY DECIMAL CLASSIFICATION NUMBER | |
| Classification number | 398.2 |
| 100 ## - MAIN ENTRY--PERSONAL NAME | |
| Personal name | D.San Souci , Robert |
| 245 00 - TITLE STATEMENT | |
| Title | Cendrillon : |
| Remainder of title | A Caribbean Cinderella / |
| Statement of responsibility, etc. | Robert D. San Souci ; illustrated by Brian Pinkney |
| 250 ## - EDITION STATEMENT | |
| Edition statement | First Aladdin Paperbacks edition January 2002 |
| 260 ## - PUBLICATION, DISTRIBUTION, ETC. | |
| Place of publication, distribution, etc. | New York : |
| Name of publisher, distributor, etc. | Aladdin Paperbacks, |
| Date of publication, distribution, etc. | 1998 |
| 300 ## - PHYSICAL DESCRIPTION | |
| Extent | 39 unnumbered pages : |
| Dimensions | 27 cm. |
| Other physical details | color illustrations ; |
| 505 ## - FORMATTED CONTENTS NOTE | |
| Formatted contents note | Q <br/> <br/><br/> |
| 520 ## - SUMMARY, ETC. | |
| Summary, etc. | A Creole variant of the familiar Cinderella tale set in the Caribbean and narrated by the godmother who helps Cendrillon find true love. |
| 521 ## - TARGET AUDIENCE NOTE | |
| Target audience note | 671<br/><br/><br/> |
| Source | Lexile <br/><br/> |
| 521 ## - TARGET AUDIENCE NOTE | |
| Target audience note | Q <br/><br/> |
| Source | Raz-Plus <br/><br/> |
| 655 #7 - INDEX TERM--GENRE/FORM | |
| Genre/form data or focus term | Silent film music. |
| Source of term | lcgft |
| 700 1# - ADDED ENTRY--PERSONAL NAME | |
| Personal name | Pinkney, Brian |
| 906 ## - LOCAL DATA ELEMENT F, LDF (RLIN) | |
| a | 7 |
| b | cbc |
| c | orignew |
| d | 1 |
| e | ncip |
| f | 20 |
| g | y-gencatlg |
| 942 ## - ADDED ENTRY ELEMENTS (KOHA) | |
| Source of classification or shelving scheme | Dewey Decimal Classification |
| Koha item type | Books |
| Suppress in OPAC | No |
| 999 ## - | |
| -- | 2600 |
| -- | 2600 |
| Withdrawn status | Lost status | Source of classification or shelving scheme | Damaged status | Not for loan | Collection | Home library | Current library | Shelving location | Date acquired | Total Checkouts | Full call number | Barcode | Date last seen | Date last checked out | Price effective from | Koha item type |
|---|---|---|---|---|---|---|---|---|---|---|---|---|---|---|---|---|
| Dewey Decimal Classification | Juvenile Fiction | Footprints International School Library Network Toul Kork Campus | Footprints International School Library Network Toul Kork Campus | 01/04/2024 | 1 | SOU 398.2 PZ8.S248 | FISTK01659 | 03/25/2024 | 03/19/2024 | 01/04/2024 | Books |
